Окислительная деструкция 2,4-дихлорфеноксиуксусной кислоты в водных растворах; Высокие технологии в современной науке и технике (ВТСНТ-2017)

Bibliographic Details
Parent link:Высокие технологии в современной науке и технике (ВТСНТ-2017).— 2017.— [С. 272-273]
Main Author: Посвященная А. К.
Corporate Author: Национальный исследовательский Томский политехнический университет (ТПУ) Институт природных ресурсов (ИПР) Кафедра технологии органических веществ и полимерных материалов (ТОВПМ)
Other Authors: Волгина Т. Н. Татьяна Николаевна (научный руководитель)
Summary:Заглавие с титульного экрана
Language:Russian
Published: 2017
Series:Рациональное использование минеральных и водных ресурсов
Subjects:
Online Access:http://earchive.tpu.ru/handle/11683/45398
Format: Electronic Book Chapter
KOHA link:https://koha.lib.tpu.ru/cgi-bin/koha/opac-detail.pl?biblionumber=625523

MARC

LEADER 00000naa2a2200000 4500
001 625523
005 20231101133351.0
035 |a (RuTPU)RU\TPU\conf\24783 
035 |a RU\TPU\conf\24771 
090 |a 625523 
100 |a 20171214d2017 k y0rusy50 ca 
101 0 |a rus 
102 |a RU 
105 |a y z 101zy 
135 |a drcn ---uucaa 
181 0 |a i  
182 0 |a b 
200 1 |a Окислительная деструкция 2,4-дихлорфеноксиуксусной кислоты в водных растворах  |f А. К. Посвященная  |g науч. рук. Т. Н. Волгина 
203 |a Текст  |c электронный 
225 1 |a Рациональное использование минеральных и водных ресурсов 
230 |a 1 компьютерный файл (pdf; 555 Kb) 
300 |a Заглавие с титульного экрана 
320 |a [Библиогр.: с. 273 (3 назв.)] 
463 1 |0 (RuTPU)RU\TPU\conf\24481  |t Высокие технологии в современной науке и технике (ВТСНТ-2017)  |o сборник научных трудов VI Международной научно-технической конференции молодых ученых, аспирантов и студентов, г. Томск, 27–29 ноября 2017 г.  |f Национальный исследовательский Томский политехнический университет (ТПУ) ; под ред. А. Н. Яковлева  |v [С. 272-273]  |d 2017 
610 1 |a электронные ресурсы 
610 1 |a труды учёных ТПУ 
610 1 |a деструкции 
610 1 |a электрические токи 
610 1 |a серная кислота 
610 1 |a водные растворы 
610 1 |a окислительная способность 
700 1 |a Посвященная  |b А. К. 
702 1 |a Волгина  |b Т. Н.  |c химик  |c доцент Томского политехнического университета, кандидат химических наук  |f 1975-  |g Татьяна Николаевна  |2 stltpush  |4 727 
712 0 2 |a Национальный исследовательский Томский политехнический университет (ТПУ)  |b Институт природных ресурсов (ИПР)  |b Кафедра технологии органических веществ и полимерных материалов (ТОВПМ)  |h 6832  |2 stltpush  |3 (RuTPU)RU\TPU\col\18659 
801 2 |a RU  |b 63413507  |c 20171220  |g RCR 
856 4 |u http://earchive.tpu.ru/handle/11683/45398 
942 |c BK